| 000 | 00910cab a2200289 4500 | ||
|---|---|---|---|
| 001 | ABS47675 | ||
| 008 | 090401t1992 xxu||||| |||| 00| 0 eng d | ||
| 035 | _a(Sirsi) u62985 | ||
| 041 | _aeng | ||
| 100 | _aDale, P. | ||
| 245 | _aWhat is an NLIS? | ||
| 260 | _c1992 | ||
| 350 | _a0 | ||
| 490 |
_aMapping Awareness _v6(9) November 1992, 25-28(4) |
||
| 520 | _aProvides a definition of the National Land Information System and details of the proposed NLIS for Great Britain. Also includes examples of developments in other countries. | ||
| 650 | _aBASIC LAND AND PROPERTY UNIT | ||
| 650 | _aGIS | ||
| 650 | _aLINZ | ||
| 650 | _aLOTS | ||
| 650 | _aNATIONAL LAND INFORMATION SERVICE | ||
| 650 | _aNATIONAL LAND INFORMATION SERVICE | ||
| 650 | _aPROPERTY INFORMATION | ||
| 690 | _aMANAGEMENT-BUSINESS MANAGEMENT-INFORMATION MANAGEMENT | ||
| 690 | _aLAND | ||
| 942 | _n0 | ||
| 948 | _c04/03/1997 | ||
| 999 |
_c39144 _d39144 |
||